Instructor’s manual, test bank and transparency masters to accompany: financial markets, instruments, and institutions (Record no. 31180)

MARC details
000 -LEADER
fixed length control field 00506nam a2200169Ia 4500
020 ## - INTERNATIONAL STANDARD BOOK NUMBER
ISBN 9780256166293
050 ## - CALL MARK
Classification number HG 173 .S523/
245 #0 - TITLE STATEMENT
Title Instructor’s manual, test bank and transparency masters to accompany: financial markets, instruments, and institutions
260 ## - PUBLICATION, DISTRIBUTION, ETC. (IMPRINT)
Place of publication Boston
260 ## - PUBLICATION, DISTRIBUTION, ETC. (IMPRINT)
Name of publisher Irwin McGraw-Hill
260 ## - PUBLICATION, DISTRIBUTION, ETC. (IMPRINT)
Year of publication 1997
300 ## - PHYSICAL DESCRIPTION
Number of Pages 146 p
650 ## - SUBJECT ADDED ENTRY--TOPICAL TERM
Topical Term Finance. Financial services industry
942 ## - ADDED ENTRY ELEMENTS (KOHA)
Koha item type Books
Holdings
Withdrawn status Lost status Source of classification or shelving scheme Damaged status Not for loan Permanent Location Current Location Date acquired Accession Number Price effective from Koha item type
    Library of Congress Classification     NILE UNIVERSITY OF NIGERIA - MAIN LIBRARY NILE UNIVERSITY OF NIGERIA - MAIN LIBRARY 04/23/2025 0009396 04/23/2025 Books